| 000 | 00588cam a2200169 i 4500 | ||
|---|---|---|---|
| 005 | 20251109115332.0 | ||
| 008 | 250721s9999 xx a gr 000 0 ara d | ||
| 082 | 1 | 4 |
_a155.23 _bب د ر |
| 100 | 1 |
_aبدران، عمرو حسن احمد _eمؤلف. |
|
| 245 | 1 | 0 |
_aكيف تتخلص من الخجل / _cدكتور عمرو حسن أحمد بدران. |
| 264 | 3 | 1 |
_aالمنصورة : _bمكتبة جزيرة الورد، _c[بين 1990و1999]. |
| 300 | _a80 صفحة. | ||
| 650 | 1 | 7 | _aعلم النفس. |
| 650 | 1 | 7 | _aالخجل. |
| 942 |
_2ddc _cBK |
||
| 999 |
_c94338 _d94338 |
||